Realism reader (Registro nro. 297862)

Detalles MARC
000 -ENCABEZADO
Número de control [NR] 00948cam a2200265Mc 4500
001 - NÚMERO DE CONTROL
control field ocn900782047
005 - FECHA Y HORA DE LA ÚLTIMA TRANSACCIÓN
control field 20150305134249.0
008 - DE LONGITUD FIJA DE DATOS DE ELEMENTOS - INFORMACIÓN GENERAL
Elementos de longitud fija [NR] 150209s2014 enk fr 001 0 eng d
020 ## - NUMERO INTERNACIONAL NORMALIZADO PARA LIBROS [R]
Número Internacional Normalizado del libro [NR] 9780415773577
020 ## - NUMERO INTERNACIONAL NORMALIZADO PARA LIBROS [R]
Número Internacional Normalizado del libro [NR] 0415773571
040 ## - FUENTE DE CATALOGACION [NR]
Agencia de catalogación original [NR] CO-BoUCM
Idioma de catalogación [NR] spa
Quien Cataloga Jose A. Gerena
Quien Clasifica Jose A. Gerena
041 0# - CODIGO DE IDIOMA [R]
Código de idioma para texto/pista de sonido o título separado [R] Inglés
245 00 - MENCION DE TITULO [NR]
Título [NR] Realism reader
Mención de responsabilidad, etc. [NR] editado por Colin Elman y Michael A. Jensen
260 ## - PUBLICACION, DISTRIBUCION, ETC. (PIE DE IMPRENTA) [R]
Lugar de publicación, distribución, etc. [R] Oxon (Oxfordshire, Inglaterra)
Nombre del editor, distribuidor, etc. [R] Routledge
Fecha de publicación, distribución, etc. [R] 2014
300 ## - DESCRIPCION FISICA [R]
Extensión [R] xvi, 534 páginas
504 ## - NOTA DE BIBLIOGRAFIA, ETC. [R]
Nota de bibliografía, etc. [NR] Incluye referencias bibliográficas e índices
650 #7 - ASIENTO SECUNDARIO DE MATERIA - TERMINO TEMATICO [R]
Término temático o nombre geográfico como elemento de entrada [NR] Relaciones internacionales
Subdivisión general [R] Aspectos filosóficos
9 (RLIN) 8042
650 #7 - ASIENTO SECUNDARIO DE MATERIA - TERMINO TEMATICO [R]
Término temático o nombre geográfico como elemento de entrada [NR] Política internacional
9 (RLIN) 21990
650 #7 - ASIENTO SECUNDARIO DE MATERIA - TERMINO TEMATICO [R]
Término temático o nombre geográfico como elemento de entrada [NR] Realismo
Subdivisión general [R] Aspectos políticos
9 (RLIN) 23119
690 ## - ASUNTO AGREGADO LOCAL DE ENTRADA - TÉRMINO TEMÁTICO (OCLC, RLIN)
9 (RLIN) 42907
Acceso temático local Relaciones internacionales
700 1# - ASIENTO SECUNDARIO - NOMBRE PERSONAL [R]
Nombre personal [NR] Elman, Colin
Término de relación [R] editor
9 (RLIN) 67249
700 1# - ASIENTO SECUNDARIO - NOMBRE PERSONAL [R]
Nombre personal [NR] Jensen, Michael A.
Término de relación [R] editor
9 (RLIN) 67250
942 ## - ELEMENTOS DE ENTRADA AGREGADOS (KOHA)
Sistema de clasificación LOCAL
Tema principal Ciencia política
Tipo de ítem principal el descrito en 300a Libro
Edición 1
Clasificación 327.101
Parte restante de la signatura top. R288
Existencias
Fecha de último préstamo Total préstamos Total Renewals Signatura topográfica Código de barras Última vez visto Ejemplar Costo de reposición Price effective from Tipo de ítem Perdido Sistema de clasificación Dañado No prestable Tipo de ítem específico Suprimido Ubicación habitual Ubicación actual Localización Fecha de creación Proveedor Forma de adquisición Costo
31/10/2019 13 10 327.101 R288 100144868 03/12/2025 Ej.1 112108.00 16/01/2015 Libro   DEWEY     Libro   Claustro Claustro 3er piso 16/01/2015 15 Compra 114280.00